000
00313nam a22001337a 4500
008
170519b xxu||||| |||| 00| 0 eng d
020
_a
9780199271184
041
_a
eng
080
_2
3RD
_a
94(100)
100
_a
16
101
_a
SHH
245
_a
THE GLOBALIZATION OF WORLD POLITICS
_c
BAYLIS, J
942
_2
udc
_c
BK
999
_c
13471
_d
13471